000 01159cam a2200325Mi 4500
001 54483
005 20230410105603.0
008 070215s2006 sp a 000 0 spa d
035 _a(OCoLC)ocm85532479
040 _aPL#
_bspa
_cPL#
020 _a8488533918
020 _a9788488533913
029 0 _aPL#
_b070000775
035 _a(OCoLC)85532479
050 1 4 _aHD 2741
_bC171b 2006
100 1 _aCalzada Terrados, Blas.
245 1 3 _aEl buen gobierno en España :
_bun análisis crítico /
_cBlas Calzada Terrados ; con la colaboración de Juan Pablo Calzada Torres.
260 _a[Madrid] :
_bInstituto de Estudios Económicos,
_c[2006].
300 _a459 p. :
_bgraf. ;
_c24 cm.
440 0 _aColección Estudios / Instituto de Estudios Económicos
504 _aBibliografia: p. [445-459].
650 0 _aCorporate governance
653 _aGobierno de la empresa
_aEspaña.
700 1 _aCalzada Torres, Juan Pablo,
_ecol.
938 _aPuvill Libros
_bPUVL
_n9788488533913
_c$62.87
856 4 2 _3Más?... busque en WorldCat (solo desde FUNGLODE)
_uwww.firstsearch.oclc.org/fsip
942 _2lcc
_cbk
946 _amfcruz
994 _aC0
_bDRFGD
999 _c39769
_d39769